00391nam a2200133Ia 4500008004100000082001400041100002100055245002700076260002000103600001300123942000700136952009700143999001700240241002s9999 xx 000 0 und d a294.6 SIN aSinha, Narrendra 0aRese of the Sikh Power aCalcutta:c1960 aReligion cUC 00104070aUITUbUITUd1994-01-01l0o294.6 SINpUC235r2024-10-02 09:31:13w2024-10-02yUC c18562d18562